000 00484nam a2200181Ia 4500
001 8989
005 20260306160650.0
008 260306t2006||||xx |||||||||||||| ||spa||
041 _aESP
082 _a372.21
_bM19 2006
100 _aMalagón y Montes, María Guadalupe
_eAUT
245 0 _aLa evaluación y las competencias en el jardín de niños texto impreso
260 _c2006
300 _a171 páginas :
_ccm.
650 _aGEN
654 _aCED
942 _cLIB
_dJUS
_fJUS
_2ddc
_n
999 _c8989
_d8989